| 000 | 02314cam a2200421 i 4500 | ||
|---|---|---|---|
| 001 | 23385511 | ||
| 005 | 20241031144315.0 | ||
| 008 | 231115s2025 paua b 001 0 eng | ||
| 010 | _a 2023053341 | ||
| 020 |
_a9781975194093 _q(hardback) |
||
| 020 | _z9781975194093 | ||
| 040 |
_aDNLM/DLC _beng _erda _cDLC _dDLC |
||
| 042 | _apcc | ||
| 050 | 0 | 0 |
_aQM23.2 _b.W56 2025 |
| 060 | 0 | 0 | _aQS 4 |
| 082 | 0 | 0 |
_a611 _bWIN |
| 084 |
_aMED005000 _2bisacsh |
||
| 100 | 1 |
_aWineski, Lawrence E., _eauthor. _9113269 |
|
| 245 | 1 | 0 |
_aSnell's clinical anatomy by regions / _cLawrence E. Wineski, PHD. |
| 246 | 1 | _aClinical anatomy by regions | |
| 250 | _aEleventh edition. | ||
| 264 | 1 |
_aPhiladelphia, PA : _bWolters Kluwer, _c[2025] |
|
| 300 |
_aviii, 822 pages : _billustrations ; _c28 cm |
||
| 336 |
_atext _btxt _2rdacontent |
||
| 337 |
_aunmediated _bn _2rdamedia |
||
| 338 |
_avolume _bnc _2rdacarrier |
||
| 504 | _aIncludes bibliographical references and index. | ||
| 505 | 0 | _aThe Back -- Upper Limb -- Thorax -- Abdomen -- Pelvis -- Perineum -- Lower Limb -- Head and Neck. | |
| 520 | _aThe 11th edition of Snell’s Clinical Anatomy by Regions offers a clear, clinically-focused exploration of human anatomy, intended primarily for medical and health sciences students. It incorporates basic anatomical principles along with clinical, radiographic, surface, and developmental (embryology) anatomy, guiding learners through body regions from surface structures to deeper layers. Key elements include real-world clinical examples, highlighted notes on anatomy’s clinical implications for conditions and procedures, simplified embryology concepts, and key concept summaries at the end of each chapter. Updated illustrations and online review questions enhance retention and exam preparation, making it a valuable foundational text for clinical practice. | ||
| 650 | 1 | 2 |
_aBody Regions _xanatomy & histology |
| 650 | 2 | 2 | _aAnatomy, Regional |
| 650 | 7 |
_aMEDICAL / Anatomy _2bisacsh _995007 |
|
| 655 | 2 |
_aCase Reports _9126682 |
|
| 906 |
_a7 _bcbc _corignew _d1 _eecip _f20 _gy-gencatlg |
||
| 942 |
_2ddc _cBK |
||
| 999 |
_c612229 _d612229 |
||